<?xml version="1.0" encoding="UTF-8"?><?xml-stylesheet type="text/xsl" href="static/style.xsl"?><OAI-PMH xmlns="http://www.openarchives.org/OAI/2.0/" xmlns:xsi="http://www.w3.org/2001/XMLSchema-instance" xsi:schemaLocation="http://www.openarchives.org/OAI/2.0/ http://www.openarchives.org/OAI/2.0/OAI-PMH.xsd"><responseDate>2026-04-27T20:23:52Z</responseDate><request verb="GetRecord" identifier="oai:uvadoc.uva.es:10324/24712" metadataPrefix="marc">https://uvadoc.uva.es/oai/request</request><GetRecord><record><header><identifier>oai:uvadoc.uva.es:10324/24712</identifier><datestamp>2021-06-29T17:20:40Z</datestamp><setSpec>com_10324_38</setSpec><setSpec>col_10324_852</setSpec></header><metadata><record xmlns="http://www.loc.gov/MARC21/slim" xmlns:doc="http://www.lyncode.com/xoai" xmlns:xsi="http://www.w3.org/2001/XMLSchema-instance" xmlns:dcterms="http://purl.org/dc/terms/" xsi:schemaLocation="http://www.loc.gov/MARC21/slim http://www.loc.gov/standards/marcxml/schema/MARC21slim.xsd">
<leader>00925njm 22002777a 4500</leader>
<datafield tag="042" ind1=" " ind2=" ">
<subfield code="a">dc</subfield>
</datafield>
<datafield tag="720" ind1=" " ind2=" ">
<subfield code="a">Rodríguez Alonso, Alexandra</subfield>
<subfield code="e">author</subfield>
</datafield>
<datafield tag="260" ind1=" " ind2=" ">
<subfield code="c">2017</subfield>
</datafield>
<datafield tag="520" ind1=" " ind2=" ">
<subfield code="a">La disfagia orofaríngea es un síntoma que se asocia a la enfermedad de Parkinson, se define como la dificultad o el impedimento al avance normal del bolo alimenticio desde la cavidad oral hasta el estómago, contribuyendo a una deglución ineficaz e insegura. Este proyecto de investigación tiene como objetivo principal detectar disfagia en pacientes con Enfermedad de Parkinson.&#xd;
Se realizó una encuesta que fue distribuida entre los EP que acuden a rehabilitación a la Asociación de Parkinson Valladolid, con el fin de detectar disfagia orofaríngea y cómo afecta esta enfermedad en las ABVD, siendo centro colaborador.&#xd;
Entre los pacientes encuestados un 37,81% se ha detectado que poseen disfagia orofaringea y que necesitarían de espesantes para una correcta deglución, observando que el rango de mayor prevalencia se encuentra entre los 70-80 años y que la enfermedad afecta de manera moderada en sus ABVD. Debido al desconocimiento de estudios previos sobre este problema y el desconocimiento de los familiares para detectar precozmente la disfagia que realiza un tríptico informativo para todo el personal sanitario, familiares y cuidadores y para centros de mayores.</subfield>
</datafield>
<datafield tag="024" ind2=" " ind1="8">
<subfield code="a">http://uvadoc.uva.es/handle/10324/24712</subfield>
</datafield>
<datafield tag="245" ind1="0" ind2="0">
<subfield code="a">Disfagia asociada a la enfermedad de Parkinson</subfield>
</datafield>
</record></metadata></record></GetRecord></OAI-PMH>